[Event "AUTO-ADV-4817"]
[Site "http://www.queenalice.com/game.php?id=1844757"]
[Date "2024.10.6"]
[Round "1"]
[White "yasseryack"]
[Black "BobFicha"]
[Result "1-0"]
[WhiteElo "1923"]
[BlackElo "2023"]

1. f4 f5 2. Nf3 d5 3. g3 c5 4. Bg2 Nc6 5. O-O b5 6. b3 Nf6 7. Nc3 a6 8. Ne5 Bb7
9. Nxc6 Bxc6 10. Bb2 e6 11. e3 Qb6 12. Ne2 Be7 13. Bxf6 Bxf6 14. Rb1 d4 15.
Bxc6+ Qxc6 16. exd4 cxd4 17. d3 O-O-O 18. Rc1 Kb7 19. Qd2 h6 20. a4 bxa4 21.
Qb4+ Qb5 22. Qxa4 Qxa4 23. bxa4 g6 24. Rb1+ Kc6 25. Nc1 Rb8 26. Rxb8 Rxb8 27.
Nb3 Rb4 28. Re1 Kd5 29. a5 Bd8 30. Re5+ Kd6 31. Kf2 Bf6 32. Re1 Ra4 33. Kf3 Bd8
34. Re5 Bf6 35. Rc5 Ra2 36. h4 Rb2 37. Rc4 h5 38. Nxd4 Bxd4 39. Rxd4+ Kc5 40. c3
Kb5 41. Rd6 Kxa5 42. Rxe6 Rb6 43. Re2 Rb3 44. Rc2 Kb6 45. d4 a5 46. Ke3 a4 47.
d5 Kc5 48. Kd3 Kxd5 49. Re2 a3 50. Re5+ Kd6 51. Ra5 Kc6 52. Kc4 Rb2 53. Rxa3 Rb6
54. Kd4 Kd6 55. Ra4 Ke6 56. c4 Rd6+ 57. Kc3 Rd1 58. Ra6+ Kf7 59. c5 Rg1 60. c6
Rc1+ 61. Kd4 Rd1+ 62. Ke3 Re1+ 63. Kd2 Re8 64. Ra7+ Ke6 65. c7 Kd7 66. Kc3 Rc8
67. Kd4 Ke6 68. Ra6+ Kf7 69. Ra7 Ke6 70. Ra6+ Kf7 71. Rc6 Ke7 72. Kd5 Kf7 73.
Rc5 Ke7 74. Kc6 Ke6 75. Kb7 1-0

[Event "AUTO-ADV-4817"]
[Site "http://www.queenalice.com/game.php?id=1844758"]
[Date "2024.10.6"]
[Round "1"]
[White "BobFicha"]
[Black "yasseryack"]
[Result "1/2-1/2"]
[WhiteElo "1999"]
[BlackElo "1943"]

1. e4 c5 2. Nf3 b6 3. Nc3 Bb7 4. Bc4 Nc6 5. O-O e6 6. a3 Nf6 7. Re1 Nd4 8. Nxd4
cxd4 9. Nb5 e5 10. d3 a6 11. Nxd4 exd4 12. e5 Ng8 13. Qg4 h6 14. Qxd4 Ne7 15.
Qf4 Bd5 16. Bxd5 Nxd5 17. Qg4 Qe7 18. Bd2 O-O-O 19. d4 Kb8 20. c4 Nc7 21. Be3 h5
22. Qe2 Qe6 23. Bf4 Qg4 24. Qxg4 hxg4 25. Bg5 Re8 26. Re4 f6 27. Bd2 f5 28. Re2
Ne6 29. Bc3 Ng5 30. Bd2 Ne6 31. Be3 f4 32. Bd2 Nxd4 33. Re4 Nb3 34. Rd1 Nxd2 35.
Rxd2 Kc7 36. b4 g5 37. g3 Bg7 38. Rd5 Re6 39. gxf4 gxf4 40. Rxf4 Bxe5 41. Rxg4
Bxh2+ 42. Kg2 Be5 43. f4 Bd6 44. f5 Re3 45. Rg6 Be5 46. a4 Rh2+ 47. Kf1 Rf3+ 48.
Kg1 Rxf5 49. Rxe5 Rxe5 50. Kxh2 d6 51. Rg7+ Kc6 52. Rg4 Re2+ 53. Kg1 Ra2 54. b5+
axb5 55. cxb5+ Kc5 56. Rg5+ d5 57. Rg4 d4 58. Rg5+ Kc4 59. Rg6 Rxa4 60. Rxb6 d3
61. Kf2 Ra2+ 62. Ke1 Kc5 63. Rb8 Kb4 64. b6 d2+ 65. Kd1 Kb5 66. b7 Kb6 67. Rd8
Kxb7 68. Rxd2 Rxd2+ 69. Kxd2 Kc6 70. Ke3 Kd5 71. Kd3 Ke6 72. Ke4 1/2-1/2

[Event "AUTO-ADV-4817"]
[Site "http://www.queenalice.com/game.php?id=1844775"]
[Date "2024.10.6"]
[Round "1"]
[White "BobFicha"]
[Black "MHRangel"]
[Result "1-0"]
[WhiteElo "2037"]
[BlackElo "1870"]

1. e4 d5 2. exd5 Nf6 3. c4 c6 4. dxc6 Nxc6 5. Nf3 Bg4 6. d3 Nd4 7. Nbd2 e5 8. h3
Bf5 9. Nxd4 exd4 10. Nf3 Bb4+ 11. Bd2 Bxd2+ 12. Qxd2 O-O 13. Be2 b6 14. Qf4 Be6
15. Qxd4 Qe7 16. O-O Nd7 17. b4 a5 18. bxa5 Rxa5 19. Qh4 Qxh4 20. Nxh4 g5 21.
Nf3 Rfa8 22. Nxg5 Rxg5 23. h4 Rga5 24. f4 Rxa2 25. Rae1 Bf5 26. g4 Rxe2 27. Rxe2
Bxd3 28. Rd2 Bxf1 29. Kxf1 Ra1+ 30. Kg2 Nc5 31. f5 Rc1 32. f6 Ne4 33. Rd8# 1-0

[Event "AUTO-ADV-4817"]
[Site "http://www.queenalice.com/game.php?id=1844776"]
[Date "2024.10.6"]
[Round "1"]
[White "MHRangel"]
[Black "BobFicha"]
[Result "0-1"]
[WhiteElo "1818"]
[BlackElo "2003"]

1. d4 d5 2. c4 c6 3. cxd5 cxd5 4. Nc3 e6 5. a3 a6 6. Nf3 Qa5 7. Bd2 Qc7 8. e3
Bd6 9. Bd3 Nf6 10. O-O O-O 11. g3 Re8 12. e4 dxe4 13. Nxe4 Nxe4 14. Bxe4 f5 15.
Bd3 Nc6 16. Bc4 b5 17. Ba2 Bb7 18. Re1 Nd8 19. Ne5 Bxe5 20. dxe5 Qc6 21. f3 Qxf3
22. Qxf3 Bxf3 23. Kf2 Be4 24. Ke3 Nc6 25. Bc3 Rad8 26. Rad1 Kf7 27. Kf4 Rg8 28.
Rd6 Rxd6 29. exd6 g5+ 30. Ke3 Rd8 31. Rd1 g4 32. Kf4 h6 33. Be5 Rd7 34. Rc1 Nd8
35. Rc7 Ke8 36. Rc8 Kf7 37. Rc7 Bc6 38. Rxd7+ Bxd7 39. b4 Kg6 40. Bb1 Nf7 41.
Bd3 h5 42. Bf1 Bc6 43. h3 Ng5 44. h4 Nh3+ 45. Ke3 Ng1 46. Bd3 Nf3 47. Kf4 Ne1
48. Bb1 Ng2# 0-1

[Event "AUTO-ADV-4817"]
[Site "http://www.queenalice.com/game.php?id=1844777"]
[Date "2024.10.6"]
[Round "1"]
[White "BobFicha"]
[Black "askasl159"]
[Result "1-0"]
[WhiteElo "2032"]
[BlackElo "1979"]

1. e4 e5 2. Nf3 Nc6 3. Bb5 Nge7 4. O-O g6 5. b3 a6 6. Bc4 Bg7 7. Bb2 O-O 8. Ba3
b5 9. Be2 Re8 10. Bb2 Bb7 11. d4 exd4 12. Nxd4 Nxd4 13. Bxd4 Bxd4 14. Qxd4 d5
15. e5 Nf5 16. Qf4 d4 17. Nd2 Re6 18. Bg4 f6 19. Bxf5 gxf5 20. exf6 Rxf6 21.
Rad1 Qd5 22. f3 c5 23. Rfe1 Re6 24. Rxe6 Qxe6 25. Qg3+ Kh8 26. Re1 Qg6 27. Qe5+
Kg8 28. Qxc5 Rd8 29. Qc7 Re8 30. Rxe8+ Qxe8 31. Qxb7 Qe3+ 32. Kf1 Qxd2 33. Qd5+
Kg7 34. Qxf5 Qe3 35. h4 b4 36. Qg5+ Qxg5 37. hxg5 Kg6 38. f4 Kf5 39. g3 Ke4 40.
Ke2 a5 41. Kf2 Kf5 42. Kf3 Kg6 43. Ke4 h6 44. gxh6 Kxh6 45. Kxd4 Kg6 46. Kc4 Kf5
47. Kb5 Kg4 48. Kxa5 Kxg3 49. f5 Kf4 50. f6 Ke4 51. Kxb4 1-0

[Event "AUTO-ADV-4817"]
[Site "http://www.queenalice.com/game.php?id=1844778"]
[Date "2024.10.6"]
[Round "1"]
[White "askasl159"]
[Black "BobFicha"]
[Result "0-1"]
[WhiteElo "1944"]
[BlackElo "2013"]

1. e4 e5 2. f4 exf4 3. Nf3 g6 4. Bc4 Qe7 5. Nc3 f5 6. e5 c6 7. d4 d5 8. Bb3 Bh6
9. Qe2 g5 10. h3 b5 11. a3 g4 12. hxg4 fxg4 13. Nh2 Qh4+ 14. Kd1 g3 0-1

[Event "AUTO-ADV-4798"]
[Site "http://www.queenalice.com/game.php?id=1846335"]
[Date "2024.10.28"]
[Round "2"]
[White "BobFicha"]
[Black "Capixabba789"]
[Result "1-0"]
[WhiteElo "2003"]
[BlackElo "1948"]

1. e4 e5 2. Nf3 d6 3. d4 exd4 4. Nxd4 Nf6 5. Nc3 Be7 6. Bd3 Nbd7 7. Be3 Ne5 8.
Bb5+ c6 9. Bd3 Bg4 10. f3 Bh5 11. g4 Nfxg4 12. fxg4 Bh4+ 13. Kd2 Bxg4 14. Nde2
Nf3+ 15. Kc1 Qe7 16. h3 Be6 17. Nf4 c5 18. Qxf3 Bf6 19. Ncd5 Bxd5 20. Nxd5 Qd8
21. Nxf6+ Qxf6 22. Qxf6 1-0

[Event "AUTO-ADV-4798"]
[Site "http://www.queenalice.com/game.php?id=1846336"]
[Date "2024.10.28"]
[Round "2"]
[White "Capixabba789"]
[Black "BobFicha"]
[Result "1-0"]
[WhiteElo "1868"]
[BlackElo "2046"]

1. d4 d5 2. Nc3 Nf6 3. f4 Bf5 4. Nf3 Nc6 5. a3 e6 6. e3 a6 7. Be2 Be7 8. O-O h6
9. Bd2 Qd7 10. Ne5 Nxe5 11. fxe5 Ne4 12. Nxe4 Bxe4 13. c3 c5 14. Bh5 O-O 15. Rf2
c4 16. Qf1 f6 17. Bf3 Bxf3 18. Rxf3 fxe5 19. dxe5 Qc7 20. Rxf8+ Rxf8 21. Qe2 Rf5
22. Be1 Qxe5 23. Bg3 Qe4 24. Rd1 Bc5 25. Bf2 Bd6 26. Rd4 Qe5 27. Bg3 Qf6 28.
Bxd6 h5 29. Bg3 Qf7 30. Rf4 e5 31. Rf1 Rxf1+ 32. Qxf1 Qe6 33. Qf3 g6 34. Bh4 e4
35. Qf6 Qxf6 36. Bxf6 Kf7 37. Bd4 g5 38. Kf2 Kg6 39. Ke2 b5 40. Kd2 Kf5 41. Kc2
Kg4 42. b3 cxb3+ 43. Kxb3 a5 44. a4 bxa4+ 45. Kxa4 h4 46. Kxa5 h3 47. gxh3+ Kxh3
48. Be5 Kg4 49. Kb4 Kf5 50. Bg3 Ke6 51. Kc5 g4 52. Bf4 1-0

[Event "AUTO-ADV-4798"]
[Site "http://www.queenalice.com/game.php?id=1846337"]
[Date "2024.10.28"]
[Round "2"]
[White "BobFicha"]
[Black "maurice916"]
[Result "1-0"]
[WhiteElo "2017"]
[BlackElo "1858"]

1. e4 c6 2. Nf3 d5 3. exd5 cxd5 4. d4 Nc6 5. Bb5 Bf5 6. Ne5 Rc8 7. Nxc6 bxc6 8.
Ba6 Rc7 9. Bd2 c5 10. Ba5 cxd4 11. Bb5+ Bd7 12. Bxd7+ Qxd7 13. Bxc7 Qxc7 14.
Qxd4 Qxc2 15. b3 Qc1+ 16. Qd1 Qxd1+ 17. Kxd1 g6 18. Nc3 Bg7 19. Rc1 Nf6 20. Nb5
O-O 21. Rc7 e6 22. Nxa7 Ne4 23. Kc2 Nxf2 24. Rf1 Ne4 25. a4 Be5 26. Rc6 Bd4 27.
Nc8 Bf6 28. a5 Kg7 29. a6 Rd8 30. a7 Kf8 31. a8=Q Kg7 32. Qb7 Ng5 33. Nd6 Rf8
34. Qd7 h5 35. Ne8+ Rxe8 36. Qxe8 Ne4 37. Rc8 Nd6 38. Qh8# 1-0

[Event "AUTO-ADV-4798"]
[Site "http://www.queenalice.com/game.php?id=1846338"]
[Date "2024.10.28"]
[Round "2"]
[White "maurice916"]
[Black "BobFicha"]
[Result "1/2-1/2"]
[WhiteElo "1894"]
[BlackElo "2003"]

1. Nf3 Nf6 2. b3 g6 3. Bb2 Bg7 4. e3 O-O 5. c4 d6 6. d4 Re8 7. Nbd2 Bg4 8. Be2
Nbd7 9. O-O e5 10. dxe5 dxe5 11. e4 Bxf3 12. Bxf3 c5 13. Qc2 Re7 14. Rad1 a5 15.
a4 Qc7 16. Nb1 Rd8 17. Nc3 h5 18. Nd5 Nxd5 19. cxd5 Qc8 20. g3 f6 21. Bg2 b6 22.
f4 Kf7 23. f5 Nf8 24. Bh3 g5 25. g4 h4 26. Qc4 Rd6 27. Qd3 Rc7 28. Qb1 c4 29.
Ba3 Rdd7 30. d6 Rc6 31. Rd5 Rb7 32. Rfd1 Nd7 33. b4 Qb8 34. b5 Rc8 35. Qc2 Bf8
36. Bg2 Nc5 37. d7 Nxd7 38. Rxd7+ Ke8 39. Rxb7 Qxb7 40. Bxf8 Kxf8 41. Rd6 c3 42.
Rxf6+ Kg7 43. Rg6+ Kf8 44. Rxg5 Qe7 45. Rh5 Kg7 46. g5 Qc5+ 47. Kf1 Qc4+ 48. Kg1
Qd4+ 49. Kh1 Rd8 50. h3 Qd1+ 51. Qxd1 Rxd1+ 52. Kh2 c2 53. f6+ Kg8 54. g6 c1=Q
55. f7+ Kg7 56. Rh7+ Kxg6 57. f8=Q Kxh7 58. Qf5+ Kh6 59. Qf6+ Kh7 60. Qf7+ Kh8
61. Qf8+ Kh7 62. Qf7+ Kh6 63. Qf6+ Kh7 64. Qf7+ Kh8 65. Qf8+ Kh7 1/2-1/2

[Event "AUTO-ADV-4834"]
[Site "http://www.queenalice.com/game.php?id=1849119"]
[Date "2024.12.22"]
[Round "1"]
[White "chessman"]
[Black "BobFicha"]
[Result "1-0"]
[WhiteElo "1944"]
[BlackElo "1988"]

1. e4 e5 2. Nf3 d6 3. Bc4 h6 4. O-O Nf6 5. Nc3 Bg4 6. Re1 Nc6 7. a3 Nd4 8. Be2
Nxe2+ 9. Qxe2 Qd7 10. h3 Bxf3 11. Qxf3 c6 12. d3 Be7 13. Be3 O-O 14. Ne2 b6 15.
Nc3 g5 16. Rad1 c5 17. Nd5 Nxd5 18. exd5 Qa4 19. c4 f5 20. Qh5 Kh7 21. Qe2 f4
22. Bc1 Rf7 23. Qe4+ Kg7 24. Bd2 Qc2 25. Bc3 a5 26. Rd2 Qa4 27. Bxe5+ dxe5 28.
d6 Bxd6 29. Qxa8 Qd7 30. Qd5 Re7 31. Rde2 Kf6 32. Re4 Re6 33. b3 a4 34. Rb1 axb3
35. Rxb3 Qc7 36. Rb1 Qa7 37. Ra1 Re7 38. Qxd6+ 1-0

[Event "AUTO-ADV-4834"]
[Site "http://www.queenalice.com/game.php?id=1849120"]
[Date "2024.12.22"]
[Round "1"]
[White "BobFicha"]
[Black "chessman"]
[Result "1-0"]
[WhiteElo "1972"]
[BlackElo "1946"]

1. e4 e6 2. Nf3 d5 3. e5 c5 4. Bb5+ Bd7 5. Bxd7+ Qxd7 6. O-O Nc6 7. c3 Nge7 8.
d4 Nf5 9. Re1 cxd4 10. cxd4 Be7 11. a3 Bd8 12. b4 a6 13. Nc3 Nfe7 14. Be3 Ng6
15. g3 O-O 16. Na4 Rc8 17. Nc5 Qc7 18. Rc1 Qe7 19. Bg5 Qc7 20. Re2 Bxg5 21. Nxg5
h6 22. Ngxe6 fxe6 23. Nxe6 Qe7 24. Nxf8 Rxf8 25. f4 Qe6 26. Qd2 Nge7 27. h4 Qh3
28. Rc3 Nf5 29. Rg2 Nfxd4 30. Qa2 Nb5 31. Qxd5+ Kh8 32. Rd3 Qg4 33. Qc5 Qf5 34.
Re3 Nbd4 35. Rf2 Ne6 36. Qb6 Rf7 37. Rc3 Qh3 38. Qe3 Qg4 39. Rd3 Kh7 40. Kf1
Qh3+ 41. Ke2 Ncd4+ 42. Kd2 Nf5 43. Qe4 Rc7 44. Rg2 g6 45. g4 1-0

[Event "AUTO-ADV-4834"]
[Site "http://www.queenalice.com/game.php?id=1849135"]
[Date "2024.12.22"]
[Round "1"]
[White "Castling"]
[Black "BobFicha"]
[Result "0-1"]
[WhiteElo "1676"]
[BlackElo "2019"]

1. e4 e5 2. Bc4 Nf6 3. d3 Bc5 4. h3 c6 5. Bg5 d6 6. a3 h6 7. Bh4 g5 8. Bg3 h5 9.
Nf3 Nh7 10. Nc3 Qe7 11. Qe2 h4 12. Bh2 g4 13. Nxh4 Qxh4 14. Bg3 Qh5 15. O-O-O
Qg5+ 16. Kb1 gxh3 17. gxh3 Qe7 18. f4 f6 19. Qh5+ Kd8 20. f5 b5 21. Bb3 Nd7 22.
Be6 Ndf8 23. Bxc8 Rxc8 24. b4 Bd4 25. Ne2 Bb6 26. Rdf1 Kc7 27. Kb2 Nd7 28. Qh6
Ng5 29. Qg6 Nf8 0-1

[Event "AUTO-ADV-4834"]
[Site "http://www.queenalice.com/game.php?id=1849136"]
[Date "2024.12.22"]
[Round "1"]
[White "BobFicha"]
[Black "Castling"]
[Result "1-0"]
[WhiteElo "2009"]
[BlackElo "1642"]

1. e4 e5 2. Nf3 d6 3. Bc4 h6 4. O-O Nf6 5. Re1 Bg4 6. c3 Nc6 7. d3 a6 8. Qb3 Be6
9. Bxe6 fxe6 10. Qxe6+ Qe7 11. Qxe7+ Bxe7 12. b4 Nd8 13. Bb2 g5 14. c4 Ne6 15.
a3 g4 16. Nh4 O-O-O 17. Ng6 Rh7 18. Nxe7+ Rxe7 19. Nd2 h5 20. a4 Nd4 21. Bxd4
exd4 22. f3 c5 23. a5 gxf3 24. Nxf3 Ng4 25. Re2 Ne3 26. b5 Kc7 27. bxa6 bxa6 28.
h3 Rb8 29. Rd2 Kc8 30. Rda2 Reb7 31. Kh2 Rb2 32. Rxb2 Rxb2 33. Ne1 Kc7 34. Kg3
h4+ 35. Kxh4 Nxg2+ 36. Nxg2 Rxg2 37. Ra3 Rg8 38. Rb3 Rh8+ 39. Kg4 Rg8+ 40. Kf3
Rh8 41. Kg2 Rg8+ 42. Kh2 Kc6 43. Rb2 Rg7 44. Rg2 Rxg2+ 45. Kxg2 Kd7 46. Kg3 Ke7
47. Kg4 Kf6 48. h4 Kg6 49. h5+ Kh6 50. Kf5 Kxh5 51. Ke6 1-0

[Event "AUTO-ADV-4834"]
[Site "http://www.queenalice.com/game.php?id=1849148"]
[Date "2024.12.22"]
[Round "1"]
[White "ChessColossos"]
[Black "BobFicha"]
[Result "0-1"]
[WhiteElo "1660"]
[BlackElo "1960"]

1. e4 e5 2. Nf3 d6 3. d4 Qf6 4. dxe5 dxe5 5. Bg5 Qd6 6. Qxd6 Bxd6 7. Nc3 f6 8.
Bd2 a6 9. Be2 Nc6 10. a3 Be6 11. O-O O-O-O 12. b4 b5 13. Bxb5 axb5 14. Nxb5 Bg4
15. Nxd6+ Rxd6 16. Bc3 Bxf3 17. gxf3 h5 18. a4 Nge7 19. b5 Nd4 20. Bxd4 Rxd4 21.
c3 Rd3 22. c4 Rc3 23. Rfc1 Rxf3 24. c5 Kb7 25. a5 Rb3 26. c6+ Ka7 27. Rc5 Rb8
28. b6+ cxb6 29. axb6+ Kxb6 30. Raa5 Nxc6 31. Rxc6+ Kxa5 0-1

[Event "AUTO-OPEN-4569"]
[Site "http://www.queenalice.com/game.php?id=1850126"]
[Date "2025.1.10"]
[Round "1"]
[White "mestre62"]
[Black "BobFicha"]
[Result "0-1"]
[WhiteElo "1459"]
[BlackElo "1986"]

1. e4 e5 2. Nf3 Nc6 3. Bb5 Bd6 4. O-O Nf6 5. d3 h6 6. Bxc6 dxc6 7. a3 Bg4 8.
Nbd2 b5 9. b4 c5 10. h3 Bd7 11. bxc5 Bxc5 12. Nxe5 O-O 13. Nxd7 Qxd7 14. Nb3 Bb6
15. Bb2 Qc6 16. Bxf6 Qxf6 17. d4 Rad8 18. e5 Qe6 19. Nd2 Rxd4 20. Re1 Rfd8 21.
Re2 Ba5 22. c3 Bxc3 23. Ra2 Qxa2 24. Qc1 Bxd2 25. Qxc7 Qxa3 26. e6 Qc1+ 27. Kh2
Bf4+ 28. Qxf4 Qxf4+ 29. g3 Qc7 30. e7 Re8 31. f4 Rxe7 32. Rb2 b4 33. h4 Qc3 34.
Rf2 Rd2 35. Rxd2 Qxd2+ 36. Kh3 Re1 37. Kg4 g6 38. h5 Qe2+ 39. Kh4 Rh1# 0-1

[Event "AUTO-OPEN-4569"]
[Site "http://www.queenalice.com/game.php?id=1850127"]
[Date "2025.1.10"]
[Round "1"]
[White "BobFicha"]
[Black "mestre62"]
[Result "1-0"]
[WhiteElo "1970"]
[BlackElo "1457"]

1. e4 e5 2. Nf3 Nc6 3. Bb5 a6 4. Bxc6 dxc6 5. d3 Bg4 6. Nbd2 Bb4 7. O-O Nf6 8.
h3 Bxf3 9. Nxf3 O-O 10. Nxe5 Nd7 11. Nxd7 Qxd7 12. c3 Bc5 13. d4 Be7 14. f4 f6
15. Qb3+ Kh8 16. f5 b5 17. Bf4 a5 18. a4 g5 19. Bg3 Bd6 20. Bf2 bxa4 21. Qxa4
Bf4 22. g3 Bd6 23. g4 Bf4 24. d5 Qd6 25. Rfe1 Bh2+ 26. Kg2 cxd5 27. Rad1 Rab8
28. Re2 Bf4 29. Rxd5 Qa6 30. Kf3 c6 31. Rxa5 Qc8 32. Rc5 Rb5 33. Rxb5 cxb5 34.
Qxb5 h6 35. c4 Qa8 36. Bd4 Rb8 37. Bxf6+ Kg8 38. Qd5+ Qxd5 39. cxd5 Rb3+ 40. Kg2
Rg3+ 41. Kf1 Rxh3 42. e5 Rh1+ 43. Kg2 Rh2+ 44. Kf3 Rh3+ 45. Kg2 Rh2+ 46. Kf3 Rh1
47. e6 Rf1+ 48. Ke4 Kf8 49. Rc2 Re1+ 50. Kd3 Re3+ 51. Kd4 Kg8 52. Rc8+ Kh7 53.
Rh8# 1-0

[Event "AUTO-OPEN-4569"]
[Site "http://www.queenalice.com/game.php?id=1850156"]
[Date "2025.1.10"]
[Round "1"]
[White "BobFicha"]
[Black "gizmokaka"]
[Result "0-1"]
[WhiteElo "2011"]
[BlackElo "2718"]

1. e4 e5 2. Nf3 Nc6 3. Bb5 a6 4. Bxc6 dxc6 5. O-O Bg4 6. a3 Qe7 7. d3 f6 8. Be3
h5 9. h3 Be6 10. b4 g5 11. c4 Qg7 12. Nbd2 Ne7 13. Qa4 Ng6 14. c5 g4 15. Nh2
gxh3 16. g3 Nf4 17. Bxf4 exf4 0-1

[Event "AUTO-OPEN-4569"]
[Site "http://www.queenalice.com/game.php?id=1850157"]
[Date "2025.1.10"]
[Round "1"]
[White "gizmokaka"]
[Black "BobFicha"]
[Result "1-0"]
[WhiteElo "2714"]
[BlackElo "2013"]

1. d4 d5 2. c4 c6 3. Nf3 e6 4. Nc3 dxc4 5. a4 Bb4 6. e3 b5 7. Bd2 Bxc3 8. Bxc3
Nf6 9. axb5 cxb5 10. b3 Qd5 11. bxc4 bxc4 12. Ra5 Qd6 13. Nd2 Nc6 14. Rc5 O-O
15. Be2 Ba6 16. Qa1 Bb7 17. O-O e5 18. Nxc4 Qc7 19. d5 Nd8 20. Rxc7 1-0

[Event "AUTO-OPEN-4569"]
[Site "http://www.queenalice.com/game.php?id=1850158"]
[Date "2025.1.10"]
[Round "1"]
[White "BobFicha"]
[Black "Fischercat"]
[Result "0-1"]
[WhiteElo "2011"]
[BlackElo "1774"]

1. e4 e5 2. Nf3 d6 3. Bc4 h6 4. O-O Be7 5. c3 Nf6 6. Re1 O-O 7. h3 Nc6 8. d4
exd4 9. cxd4 Na5 10. Bd3 Bd7 11. b4 Nc6 12. b5 Na5 13. a4 c6 14. Bd2 Re8 15.
bxc6 bxc6 16. Nc3 Rb8 17. e5 dxe5 18. dxe5 Nd5 19. Nxd5 cxd5 20. Bf4 Rb4 21. Bd2
Rb3 22. Bc2 Rb7 23. Be3 Qc7 24. Qd3 g6 25. Bxh6 Bf5 26. Qxd5 Rd8 27. Qa2 Be6 28.
Bb3 Bxb3 29. Qe2 Be6 30. Rec1 Qb8 31. Qe1 Nb3 0-1

[Event "AUTO-OPEN-4569"]
[Site "http://www.queenalice.com/game.php?id=1850159"]
[Date "2025.1.10"]
[Round "1"]
[White "Fischercat"]
[Black "BobFicha"]
[Result "0-1"]
[WhiteElo "1777"]
[BlackElo "2012"]

1. d4 d5 2. Bf4 Nf6 3. a3 e6 4. Nf3 Bd6 5. Bxd6 Qxd6 6. Nc3 a6 7. Qd2 Nc6 8. e3
O-O 9. Na4 Ne4 10. Qc3 Nxc3 0-1

[Event "AUTO-ADV-4847"]
[Site "http://www.queenalice.com/game.php?id=1852162"]
[Date "2025.2.15"]
[Round "1"]
[White "BobFicha"]
[Black "shmurtz91"]
[Result "1-0"]
[WhiteElo "1964"]
[BlackElo "1905"]

1. e4 d6 2. d4 e5 3. dxe5 Nc6 4. exd6 Bxd6 5. Bb5 Bd7 6. Nc3 Nge7 7. Be3 a6 8.
Bc4 Ne5 9. Qe2 Nxc4 10. Qxc4 O-O 11. Nf3 b5 12. Qd3 Nc6 13. O-O Bg4 14. Qe2 Ne5
15. h3 Bxf3 16. gxf3 Qh4 17. f4 Nc4 18. e5 Nxe3 19. Qxe3 Rfe8 20. Qg3 Qxg3+ 21.
fxg3 Bc5+ 22. Kg2 Bd4 23. Nd5 Rac8 24. c3 Bc5 25. b4 Ba7 26. Rfd1 c5 27. bxc5
Rxc5 28. Rd3 h6 29. Rad1 Re6 30. Nf6+ gxf6 31. exf6 Bb6 32. Rd7 Rxc3 33. R1d6
Re2+ 34. Kf1 Rce3 35. Rxb6 Rxa2 36. Re7 Rxg3 37. Rb8+ Kh7 38. Rxf7+ 1-0

[Event "AUTO-ADV-4847"]
[Site "http://www.queenalice.com/game.php?id=1852163"]
[Date "2025.2.15"]
[Round "1"]
[White "shmurtz91"]
[Black "BobFicha"]
[Result "0-1"]
[WhiteElo "1906"]
[BlackElo "1978"]

1. d4 d5 2. c4 c6 3. Nc3 e6 4. e4 Bb4 5. Bf4 Bxc3+ 6. bxc3 f6 7. Nf3 dxe4 8. Nd2
f5 9. Qh5+ g6 10. Qh3 Qa5 11. Be2 h5 12. O-O h4 13. Rfe1 Nd7 14. c5 Ngf6 15. Nc4
Qd8 16. Nd6+ Kf8 17. Bg5 Ke7 18. Nc4 b5 19. Ne5 Ke8 20. f4 exf3 21. Bxf3 Qc7 22.
Nxg6 Rg8 23. Rxe6+ Kf7 24. Rae1 Rxg6 25. Qxf5 Nf8 26. Rxf6+ Rxf6 27. Bh5+ Kg8
28. Qxf6 Qg7 29. Re8 Bb7 30. Qe6+ Kh7 31. Re7 Nxe6 0-1

[Event "AUTO-ADV-4847"]
[Site "http://www.queenalice.com/game.php?id=1852164"]
[Date "2025.2.15"]
[Round "1"]
[White "BobFicha"]
[Black "Carlos19"]
[Result "1-0"]
[WhiteElo "1987"]
[BlackElo "1646"]

1. e4 e5 2. Nf3 d6 3. Bc4 h6 4. Nc3 Nf6 5. h3 Be7 6. d3 a6 7. Be3 b5 8. Bd5 Nxd5
9. Nxd5 c6 10. Bb6 Qd7 11. Ba5 cxd5 12. exd5 Bb7 13. c4 bxc4 14. dxc4 O-O 15.
Bd2 e4 16. Nd4 f5 17. Bf4 g5 18. Bd2 f4 19. Ne6 Rc8 20. b3 a5 21. Qh5 Kh7 22.
Qf7+ Kh8 23. Qg7# 1-0

[Event "AUTO-ADV-4847"]
[Site "http://www.queenalice.com/game.php?id=1852165"]
[Date "2025.2.15"]
[Round "1"]
[White "Carlos19"]
[Black "BobFicha"]
[Result "1-0"]
[WhiteElo "1653"]
[BlackElo "1989"]

1. e4 e5 2. Nf3 d6 3. Bc4 Bg4 4. h3 Bh5 5. Nc3 Be7 6. g4 Bg6 7. d3 h6 8. h4 h5
9. g5 c6 10. a4 a6 11. b4 d5 12. Bb3 Bxb4 13. Bd2 d4 14. Ne2 Bxd2+ 15. Qxd2 Qd6
16. c4 c5 17. a5 Ne7 18. Ba4+ Nec6 19. Bxc6+ Nxc6 20. Ng3 Ne7 21. Rb1 Qc7 22.
Ra1 Nc6 23. Nf5 Bxf5 24. exf5 O-O-O 25. g6 f6 26. O-O Kd7 27. Rfb1 Ra8 28. Rb6
Nb4 29. Qd1 Nc6 30. Nd2 Nxa5 31. Qa4+ Nc6 32. Rab1 Ra7 33. Ne4 Ke7 34. Nxc5 Rb8
35. Ne6 Qc8 36. Qa3+ Kd7 37. Nxg7 Qc7 38. Nxh5 Qd8 39. Qc5 Qe7 40. Qd5+ Qd6 41.
Nxf6+ Kc7 42. Qf7+ Kc8 43. g7 1-0